|
|
|
|
| LEADER |
02096nam a2200577 i 4500 |
| 001 |
nkc20172887612 |
| 003 |
CZ PrNK |
| 005 |
20170627071428.0 |
| 007 |
ta |
| 008 |
170403s2017 xr f 001 0 cze |
| 015 |
|
|
|a cnb002887612
|
| 020 |
|
|
|a 978-80-257-2015-8
|q (vázáno)
|
| 035 |
|
|
|a (OCoLC)989906384
|
| 040 |
|
|
|a ABA001
|b cze
|e rda
|
| 041 |
1 |
|
|a cze
|h ger
|
| 043 |
|
|
|a e------
|
| 072 |
|
7 |
|a 94(4)
|x Dějiny Evropy
|2 Konspekt
|9 8
|
| 080 |
|
|
|a 94"04/14"
|2 MRF
|
| 080 |
|
|
|a 316.6:159.953
|2 MRF
|
| 080 |
|
|
|a 930.1:159.953
|2 MRF
|
| 080 |
|
|
|a (4)
|2 MRF
|
| 080 |
|
|
|a (048.8)
|2 MRF
|
| 100 |
1 |
|
|a Graus, František,
|d 1921-1989
|7 jk01032604
|4 aut
|
| 240 |
1 |
0 |
|a Lebendige Vergangenheit.
|l Česky
|
| 245 |
1 |
0 |
|a Živá minulost :
|b středověké tradice a představy o středověku /
|c František Graus ; přeložil Jan Dobeš
|
| 246 |
3 |
0 |
|a Středověké tradice a představy o středověku
|
| 250 |
|
|
|a Vydání první
|
| 264 |
|
1 |
|a Praha :
|b Argo,
|c 2017
|
| 300 |
|
|
|a 430 stran ;
|c 22 cm
|
| 336 |
|
|
|a text
|b txt
|2 rdacontent
|
| 337 |
|
|
|a bez média
|b n
|2 rdamedia
|
| 338 |
|
|
|a svazek
|b nc
|2 rdacarrier
|
| 490 |
1 |
|
|a Historické myšlení ;
|v svazek 68.
|
| 500 |
|
|
|a Přeloženo z němčiny
|
| 504 |
|
|
|a Obsahuje bibliografii, bibliografické odkazy a rejstřík
|
| 650 |
0 |
7 |
|a středověk
|7 ph126223
|z Evropa
|2 czenas
|
| 650 |
0 |
7 |
|a sociální paměť
|7 ph114496
|z Evropa
|2 czenas
|
| 650 |
0 |
7 |
|a historické vědomí
|7 ph573524
|z Evropa
|2 czenas
|
| 650 |
0 |
9 |
|a middle ages
|z Europe
|2 eczenas
|
| 650 |
0 |
9 |
|a social memory
|z Europe
|2 eczenas
|
| 650 |
0 |
9 |
|a historical consciousness
|z Europe
|2 eczenas
|
| 655 |
|
7 |
|a monografie
|7 fd132842
|2 czenas
|
| 655 |
|
9 |
|a monographs
|2 eczenas
|
| 700 |
1 |
|
|a Dobeš, Jan,
|d 1968-
|7 jn20000400475
|4 trl
|
| 830 |
|
0 |
|a Historické myšlení
|0 s
|
| 910 |
2 |
|
|a BOA001
|b 2-1389.291
|
| 990 |
|
|
|a BK
|
| 995 |
|
|
|a 01
|
| 991 |
|
|
|b 201706
|c NOV
|
| 996 |
6 |
|
|b 2610709721
|c 2-1389.291
|l MZK
|r Sklad / do 1 hodiny
|n 6
|p p.v.
|w 001614703
|u 000010
|a 1
|e BOA001
|j MZK50
|s P
|
| 996 |
7 |
|
|b 2610712647
|c 2-1389.291
|l MZK
|r Sklad / do 1 hodiny
|n 28
|p kup
|w 001614703
|u 000020
|a 1
|e BOA001
|j MZK50
|s A
|